|
|
|
|
| LEADER |
01368nam a2200349 a 4500 |
| 001 |
40112 |
| 003 |
BD-DhAAL |
| 005 |
20221130163019.0 |
| 008 |
221130t1988 nyuacf 001 0aeng d |
| 999 |
|
|
|c 45104
|d 45104
|
| 010 |
|
|
|a 88047673
|
| 020 |
|
|
|a 0465044433 :
|c $17.95
|
| 020 |
|
|
|a 9780465044436
|
| 040 |
|
|
|a DLC
|c DLC
|d DLC
|d BD-DhAAL
|
| 043 |
|
|
|a n-us---
|
| 050 |
0 |
0 |
|a HB119.S75
|b A3 1988
|
| 082 |
0 |
0 |
|a 330.0924
|
| 100 |
1 |
|
|a Stigler, George Joseph,
|d 1911-
|9 52645
|
| 245 |
1 |
0 |
|a Memoirs of an unregulated economist /
|c George J. Stigler.
|
| 260 |
|
|
|a New York :
|b Basic Books,
|c c1988.
|
| 300 |
|
|
|a xi, 228 pages, [8] p. of plates :
|b illustrations, ports. ;
|c 22 cm.
|
| 500 |
|
|
|a "Published as part of an Alfred P. Sloan Foundation program"--P. [ii].
|
| 500 |
|
|
|a Includes index.
|
| 541 |
|
|
|a Donated By Akbar Ali Khan
|e 40112
|
| 600 |
1 |
0 |
|a Stigler, George Joseph,
|d 1911-
|9 52645
|
| 650 |
|
0 |
|a Economists
|z United States
|x Biography.
|9 52646
|
| 650 |
|
0 |
|a Chicago school of economics.
|9 52647
|
| 650 |
|
0 |
|a Economics.
|9 52648
|
| 710 |
2 |
|
|a Alfred P. Sloan Foundation.
|9 52649
|
| 852 |
|
|
|a Ayesha Abed Library
|c Akbar Ali Khan Collection
|
| 942 |
|
|
|2 ddc
|c BK
|
| 952 |
|
|
|0 0
|1 0
|2 ddc
|4 0
|6 330_092400000000000_STI
|7 1
|9 72419
|a BRACUL
|b BRACUL
|c AAKC
|d 2022-11-30
|e Donated by Akbar Ali Khan
|g 1829.66
|l 0
|o 330.0924 STI
|p 3010040112
|r 2022-11-30
|t 1
|w 2022-11-30
|y BK
|x USD 17.95
|